01570 a2200205 45000010006000000050017000060080041000230030015000640400040000790800032001192450076001510200018002272640033002453000019002785050916002970410008012131000020012217000024012418560099012654726720260407155740.0260407a1986 arg spa dAR-UNSa-BCEJYS aAR-UNSa-BCEJYSbspacAR-UNSa-BCEJYS a94:33xHistoria económica10aProsperidad y Crisispreconstrucción, crecimiento y cambio, 1945-1980 a84-7423-280-5 1aBarcelona :bCríticac1986 a680 p.c20 cm. aParte I: El crecimiento económico desde la Segunda Guerra Mundial: 1. Consecuencias de la guerra y reconstrucción económica, 1945 - 1950 - 2. El crecimiento económico como desafío para la política económica: los y los años sesenta - 3. Evolución demográfica y escasez de recursos - 4. La explicación del crecimiento por los factores de oferta, trabajo y capital - 5. La innovación como factor de crecimiento - 6. El tirón de la demanda -- Parte II: El marco constitucional: 7. El advenimiento de la economía mixta - 8. Objeciones a la economía mixta - 9. La liberalización del comercio internacional después de la segunda guerra mundial - 10. El camino hacia un nuevo orden económico mundial - 11. El patrón oro-dólar como base del sistema monetario mundial, 1994-1971 - 12. La construcción de un nuevo sistema monetario internacional, 1971-1980.  aspa1 aMuñoz, Gustau1 aVan Der Wee, Herman41uhttps://www.biblioeco.unsa.edu.ar/pmb/images/libros/L127446.jpgyImagen de portadaqimage/jpeg